القانون الدولي الخاص في المملكة الأردنية الهاشمية : تنازع القوانين والاختصاص القضائي الدولي (Record no. 28916)
[ view plain ]
| 000 -LEADER | |
|---|---|
| fixed length control field | 00871nam a2200217Ii 4500 |
| 003 - CONTROL NUMBER IDENTIFIER | |
| control field | JO-AjNU |
| 008 - FIXED-LENGTH DATA ELEMENTS--GENERAL INFORMATION | |
| fixed length control field | 230605s9999||||xx |||||||||||||| ||und|| |
| 017 ## - COPYRIGHT OR LEGAL DEPOSIT NUMBER | |
| Copyright or legal deposit number | 2016/10/4827 |
| 020 ## - INTERNATIONAL STANDARD BOOK NUMBER | |
| International Standard Book Number | 978-9957-631-15-4 |
| 040 ## - CATALOGING SOURCE | |
| Original cataloging agency | JO-AjNU |
| Language of cataloging | ara |
| Description conventions | rda |
| Transcribing agency | JO-AjNU |
| 041 ## - LANGUAGE CODE | |
| Language code of text/sound track or separate title | ara |
| 050 14 - LIBRARY OF CONGRESS CALL NUMBER | |
| Classification number | KMM48.3.2017 |
| 100 3# - MAIN ENTRY--PERSONAL NAME | |
| Personal name | عطروش، عبد الحكيم محسن, |
| Relator term | author |
| 9 (RLIN) | 56666 |
| 245 00 - TITLE STATEMENT | |
| Title | القانون الدولي الخاص في المملكة الأردنية الهاشمية : تنازع القوانين والاختصاص القضائي الدولي |
| 250 ## - EDITION STATEMENT | |
| Edition statement | ط1 |
| 264 31 - PRODUCTION, PUBLICATION, DISTRIBUTION, MANUFACTURE, AND COPYRIGHT NOTICE | |
| Place of production, publication, distribution, manufacture | اربد : عالم الكتب ، 2017 |
| 300 ## - PHYSICAL DESCRIPTION | |
| Extent | 281ص |
| Other physical details | يشتمل على ملاحق ص( 271-276) ويشتمل على مراجع ببلوغرافيةص(277-281) |
| 336 ## - CONTENT TYPE | |
| Content type term | text |
| Content type code | txt |
| Source | rdacontent |
| 337 ## - MEDIA TYPE | |
| Media type term | unmediated |
| Media type code | n |
| Source | rdamedia |
| 338 ## - CARRIER TYPE | |
| Carrier type term | volume |
| Carrier type code | nc |
| Source | rdacarrier |
| Withdrawn status | Lost status | Source of classification or shelving scheme | Damaged status | Not for loan | Home library | Current library | Shelving location | Date acquired | Total Checkouts | Full call number | Barcode | Date last seen | Price effective from | Koha item type |
|---|---|---|---|---|---|---|---|---|---|---|---|---|---|---|
| Library of Congress Classification | مكتبة جامعة عجلون الوطنية | مكتبة جامعة عجلون الوطنية | المجموعات العامة | 06/06/2023 | KMM48.3.2017 | A25348 | 06/06/2023 | 06/06/2023 | Books |